00349nam a2200133 a 4500008004100000020001800041050001800059100001800077245003500095260004100130300001400171350000900185650002100194201118s2013 ||||||||||||||||| || u a9781780878300 aPZ 7.T6443428 aTorday, Piers14aThe last wildcBy Piers Torday a2013bQuercus Children's booksc2013 a325 pages a8.62 aENGLISH LANGUAGE